[Event "Foment Martinenc op-C 24th"]
[Site "Barcelona"]
[Date "2024.06.15"]
[Round "9"]
[White "Serrano Serrano, Francesc"]
[Black "Martinez Puig, Jordi"]
[Result "1-0"]
[WhiteElo "1608"]
[BlackElo "1544"]
[PlyCount "41"]
[EventDate "2024.04.20"]
[EventType "swiss"]
[EventRounds "9"]
[EventCountry "ESP"]
[SourceTitle "CBM 220 Extra"]
[Source "ChessBase"]
[SourceDate "2024.07.31"]
[SourceVersion "1"]
[SourceVersionDate "2024.07.31"]
[SourceQuality "1"]

1. d4 d5 2. Nf3 c6 3. e3 Nf6 4. c4 e6 5. b3 Bd6 6. Bd3 0-0 7. Bb2 Nbd7 8. Nbd2 Re8 9. Ne5 Bc7 10. 0-0 Nxe5 11. dxe5 Nd7 12. f4 g6 13. Qg4 dxc4 14. Nxc4 Nc5 15. Bc2 b5 16. Rad1 Nd7 17. Nd2 Bb6 18. Qh3 Qe7 19. Ne4 a5 20. Rxd7 Bxd7 21. Nf6+ 1-0

[Event "Foment Martinenc op-C 24th"]
[Site "Barcelona"]
[Date "2024.05.25"]
[Round "6"]
[White "Aponte Garcia, Cristhian Andres"]
[Black "Serrano Serrano, Francesc"]
[Result "1-0"]
[WhiteElo "1529"]
[BlackElo "1608"]
[PlyCount "77"]
[EventDate "2024.04.20"]
[EventType "swiss"]
[EventRounds "9"]
[EventCountry "ESP"]
[SourceTitle "CBM 220 Extra"]
[Source "ChessBase"]
[SourceDate "2024.07.31"]
[SourceVersion "1"]
[SourceVersionDate "2024.07.31"]
[SourceQuality "1"]

1. d4 Nf6 2. Nf3 g6 3. Bf4 Bg7 4. Qc1 Ng8 5. e4 d6 6. Bc4 Nc6 7. d5 Na5 8. Bd3 b6 9. c3 a6 10. 0-0 Bg4 11. Nd4 Bxd4 12. cxd4 h6 13. b4 Nb7 14. Nc3 g5 15. Bg3 h5 16. f3 Bd7 17. Qxg5 e6 18. Qg7 Qf6 19. Qxf6 Nxf6 20. Bh4 Ng8 21. a4 f6 22. dxe6 Bxe6 23. Nd5 Bxd5 24. exd5 0-0-0 25. Bxa6 Rf8 26. Rac1 Ne7 27. Bc4 Nf5 28. Bf2 h4 29. Rc3 Ne7 30. Rfc1 Ng6 31. Bd3 Nf4 32. Rxc7+ Kb8 33. Ba6 Nxd5 34. Rxb7+ Ka8 35. Be1 f5 36. Rg7 f4 37. Bb7+ Kb8 38. Bxd5 Rhg8 39. Bxg8 1-0